000
00391nam a22001577a 4500
003
MPLRDC
005
20220104123616.0
008
210129b ||||| |||| 00| 0 eng d
082
_a
220.7 LSY
100
_a
庐胜彦
245
_a
神奇的锦囊: 生命的哲学与灵魂奥妙
_c
260
_a
_b
青山出版社
_c
300
_b
平
650
_a
佛教杂论
942
_c
BK
_o
220.7 LSY
999
_c
12766
_d
12756